000 00451nam a2200145Ia 4500
008 100122s9999 xx 000 0 und d
082 _b27328
_a823
100 _aभागवत यशवंत
245 _aआस किनाऱ्याची
260 _bमनोरमा प्रकाशन
_c1979
300 _a227
630 _aआस किनाऱ्याची
730 _aआस किनाऱ्याची
942 _cBOOK
999 _c413403
_d413400